Zenith - Terraria Crafting Tree - Statistics

General Stats
  • This quiz has been taken 93 times
  • The average score is 26 of 36
Answer Stats
Item % Correct
Copper Bar (×5)
94%
Copper Ore (×15)
94%
Night's Edge
84%
Terra Blade
84%
True Night's Edge
84%
Blade of Grass
80%
Excalibur
80%
Copper Shortsword
78%
True Excalibur
78%
Volcano
78%
Broken Hero's Sword
76%
Hallowed Bar (×12)
76%
Light's Bane / Blood Butcherer
76%
Muramasa
76%
Demonite Bar (×10) / Crimtane Bar (×10)
75%
Demonite Ore (×30) / Crimtane Ore (×30)
75%
Meowmere
73%
Soul of Fright (×20)
73%
Starfury
73%
Zenith
73%
Soul of Might (×20)
71%
Soul of Sight (×20)
71%
Hellstone Bar (×20)
69%
Hellstone Ore (×60)
69%
Jungle Spores (×15)
69%
Obsidian (×20)
69%
Vine (×3)
69%
Chlorophyte Bar (×24)
67%
Chlorophyte Ore (×144)
67%
Enchanted Sword
67%
Stinger (×12)
65%
Influx Waver
63%
Star Wrath
63%
Seedler
59%
The Horseman's Blade
57%
Bee Keeper
53%
No matching quizzes found
Score Distribution
Percent of People with Each Score
Percentile by Number Answered
Your Score History
You have not taken this quiz